000 00878nam a22002897a 4500
001 00260
003 DO-SdBPM
005 20250808142940.0
007 ta
008 151209b2002 sp 00| 0 spa d
020 _a8466203117
040 _aDO-SdBPM
_bspa
_cBPMSU
_erda
082 4 _a868.6
_bB398L 2002
_222
100 1 _aBécquer, Gustavo Adolfo,
_d1836-1870
245 1 0 _aLeyendas y narraciones /
_cGustavo Adolfo Bécquer.
264 _aAlcobendas Madrid :
_bLIBSA,
_c2002.
300 _a221 páginas ;
_c19 cm.
336 _atexto
_bn
_2rdacontent
337 _asin mediación
_bn
_2rdamedia
338 _avolumen
_bnc
_0rdacarrier
490 0 _aBiblioteca de Oro Juvenil
590 _aInventariado, 2025/VM
650 7 _aLiteratura española
_vColecciones.
650 7 _aCuentos juveniles españoles.
910 _aVMateo V. Control de calidad. BPMSU
942 _2ddc
_cBK
999 _c9082
_d9082